000 00405nam a2200145 i 4500
001 99189
003 ES-MaACL
007 t|
008 050902s1969 mx ||||1| spa d
100 1 _aMartinez Cartón, Pedro.
_977934
245 1 0 _aGuía del buen beber /
_cP. Martínez Cartón.
260 _aMéxico :
_bMeridiano,
_c1969.
300 _a136 p. :
_bil. ;
_c18 cm.
852 _aES-MaACL
_jE-9325
_bR.93648
999 _c99189
_d99189